Science
Descripción Física:
1 volum : periodicitat setmanal, il·lustracions en color ; 26 cm
Idioma:
Catalán , English
MARC
| LEADER | 00000nas a2200000 a 4500 | ||
|---|---|---|---|
| 001 | 29087 | ||
| 003 | AGDB | ||
| 005 | 20260324181540.0 | ||
| 008 | 251202b spa||||| |||| 00| 0 cat d | ||
| 022 | |a 0036-8075 | ||
| 040 | |a agdb |b cat | ||
| 041 | |a eng | ||
| 245 | |a Science | ||
| 260 | |a Washington, D.C. : |b American Association for the Advancement of Science, |c 2005 | ||
| 300 | |a 1 volum : |b periodicitat setmanal, il·lustracions en color ; |c 26 cm | ||
| 500 | |a Prové del fons Dolors Canals i Farriols (1913-2010) | ||
| 500 | |a El núm. 5731 (2005) commemora el 125è aniversari de la revista. Es titula: 125th anniversary. Questions: What don't we know? | ||
| 650 | 0 | |a Fons Dolors Canals i Farriols (1913-2010) |9 72778 | |
| 650 | 0 | |a Ciència |x Revistes |2 Arxiu |9 48205 | |
| 710 | |a American Association for the Advancement of Science |9 72855 | ||
| 773 | |g Science (Washington, D.C.), 1883- | ||
| 866 | |a 1 juliol 2005 (vol. 309, núm. 5731) | ||
| 942 | |2 udc |c ARXIU |n 1 | ||
| 952 | |0 0 |1 0 |2 udc |4 0 |6 F50332 |7 1 |9 98737 |a Arxiu |b Arxiu |d 2025-12-02 |h Vol. 309, núm. 5731 (2005) |l 0 |o F-503-32 |p 29087 |r 2025-12-02 13:55:21 |w 2025-12-02 |y ARXIU | ||
| 999 | |c 130465 |d 130465 | ||